000 00376 a2200157 4500
001 150611
040 _cEscola São Tomás de Aquino
100 _aREYES, Yolanda
240 1 0 _aÉ terminantemente proibido!
_lpor
245 1 0 _aÉ terminantemente proibido!
300 _a27
362 0 _a1997
440 1 _aFTD
697 _aValores, princípios / Filosofia
942 _cBK
999 _c150611
_d150611